[Event "ENCI Limburg-open A"]
[Site "Maastricht"]
[Date "2011.06.10"]
[Round "1"]
[White "Bekker, Stefan"]
[Black "De Wit, Albert"]
[Result "0-1"]
[WhiteElo "2162"]
[BlackElo "2054"]
[PlyCount "128"]
[EventDate "2011.06.10"]
[EventType "swiss"]
[EventRounds "7"]
[EventCountry "NED"]
[Source "P.Boonen"]
[SourceDate "2012.01.01"]

1. e4 g6 2. d4 Bg7 3. Nc3 c6 4. Bc4 b5 5. Bb3 b4 6. Qf3 Nf6 7. Nce2 d6 8. Bd2
Qb6 9. a3 bxa3 10. Rxa3 O-O 11. Ba5 Qb7 12. Ng3 Nbd7 13. N1e2 c5 14. c3 cxd4
15. cxd4 e5 16. O-O exd4 17. Nxd4 Nc5 18. Bc4 Nfd7 19. Bd5 Qxb2 20. Nc6 Ba6 21.
Bc3 Bxc3 22. Ne7+ Kh8 23. Rxc3 Rae8 24. Nc6 Bxf1 25. Nxf1 f5 26. Re3 fxe4 27.
Qg3 Qf6 28. Nxa7 Nd3 29. Bxe4 Nxf2 30. Rf3 Nxe4 31. Rxf6 Nxg3 32. Rxf8+ Rxf8
33. Nxg3 Kg7 34. Nb5 d5 35. Nc7 Nc5 36. Nxd5 Ra8 37. Ne2 Nd3 38. g3 Ra1+ 39.
Kg2 Ra2 40. Ndc3 Rc2 41. Kf3 Nc1 42. Ke3 Nxe2 43. Nxe2 Ra2 44. Kf3 Kf6 45. h3
Ke5 46. Nf4 Ra3+ 47. Kg2 Ke4 48. h4 Ra2+ 49. Kh3 Kf3 50. Ne6 Ra3 51. Ng5+ Kf2
52. Nxh7 Rxg3+ 53. Kh2 Ra3 54. Ng5 Rb3 55. Nf7 Rb5 56. Kh3 Kf3 57. Ng5+ Kf4 58.
Ne6+ Ke5 59. Ng5 Kf5 60. Nf7 Rb3+ 61. Kg2 Kg4 62. Ne5+ Kh5 63. Kf2 Rb5 64. Nf3
Kg4 0-1

[Event "ENCI Limburg-open A"]
[Site "Maastricht"]
[Date "2011.06.10"]
[Round "1"]
[White "Bezemer, Arno"]
[Black "Luncescu, Christian"]
[Result "1-0"]
[WhiteElo "2335"]
[BlackElo "2190"]
[PlyCount "139"]
[EventDate "2011.06.10"]
[EventType "swiss"]
[EventRounds "7"]
[EventCountry "NED"]
[Source "P.Boonen"]
[SourceDate "2012.01.01"]

1. e4 d5 2. exd5 Qxd5 3. Nf3 Bg4 4. Be2 Nc6 5. d4 O-O-O 6. Be3 e5 7. dxe5 Qxd1+
8. Bxd1 Nxe5 9. Nbd2 Nxf3+ 10. Nxf3 Be7 11. O-O Bf6 12. c3 Ne7 13. h3 Bd7 14.
Bb3 Rhf8 15. Rfe1 h6 16. Bc5 Rde8 17. Ne5 b6 18. Nxd7 Kxd7 19. Ba4+ c6 20.
Rad1+ Kc7 21. Bd6+ Kc8 22. Kf1 Rh8 23. Be5 Bxe5 24. Rxe5 f6 25. Re6 b5 26. Bc2
Kc7 27. Be4 Nd5 28. Bxd5 cxd5 29. Rxe8 Rxe8 30. Rxd5 Kc6 31. Rd4 Re7 32. f3 a6
33. Kf2 a5 34. Re4 Rd7 35. Ke2 Kc5 36. Re8 a4 37. Rc8+ Kb6 38. Re8 Kc5 39. Re4
Kc6 40. h4 Kc5 41. h5 Kc6 42. Rd4 Re7+ 43. Kd2 Re5 44. Rg4 Re7 45. a3 Kc5 46.
Kd3 Rd7+ 47. Rd4 Re7 48. c4 bxc4+ 49. Rxc4+ Kb5 50. Rb4+ Ka5 51. g4 Re5 52. Rb7
Rg5 53. Kc4 Ka6 54. Rd7 Re5 55. Rxg7 Re3 56. Rg6 Rxf3 57. Rxh6 Rf4+ 58. Kc3
Rxg4 59. Rxf6+ Kb5 60. Rf5+ Kb6 61. Rd5 Rg3+ 62. Rd3 Rg5 63. Rh3 Rb5 64. Kc2
Rc5+ 65. Kd3 Rb5 66. Rh2 Kc5 67. h6 Rb3+ 68. Ke4 Rb8 69. h7 Rh8 70. Kf5 1-0

[Event "ENCI Limburg-open A"]
[Site "Maastricht"]
[Date "2011.06.10"]
[Round "1"]
[White "Bomans, Arno"]
[Black "Michielsen, Joost"]
[Result "1-0"]
[WhiteElo "2200"]
[BlackElo "2338"]
[PlyCount "65"]
[EventDate "2011.06.10"]
[EventType "swiss"]
[EventRounds "7"]
[EventCountry "NED"]
[Source "P.Boonen"]
[SourceDate "2012.01.01"]

1. d4 Nf6 2. c4 g6 3. Nc3 d5 4. Nf3 Bg7 5. Qb3 dxc4 6. Qxc4 O-O 7. e4 a6 8. e5
b5 9. Qb3 Nfd7 10. e6 fxe6 11. Be3 Nb6 12. h4 Nc6 13. h5 Rxf3 14. gxf3 Nxd4 15.
Bxd4 Qxd4 16. hxg6 hxg6 17. Be2 Qe5 18. Rg1 Nd5 19. Nxd5 exd5 20. Rxg6 Kf7 21.
f4 Qe4 22. Rg3 c6 23. Rc1 Bd7 24. Re3 Qd4 25. Bh5+ Kf8 26. Rc2 Bf6 27. Rce2
Qxf4 28. Qc2 Qh4 29. Qg6 Qb4+ 30. Kf1 Be8 31. Qh6+ Bg7 32. Rf3+ Kg8 33. Rg3 1-0

[Event "ENCI Limburg-open A"]
[Site "Maastricht"]
[Date "2011.06.10"]
[Round "1"]
[White "Bus, Tom"]
[Black "Klein, David"]
[Result "0-1"]
[WhiteElo "2206"]
[BlackElo "2359"]
[PlyCount "80"]
[EventDate "2011.06.10"]
[EventType "swiss"]
[EventRounds "7"]
[EventCountry "NED"]
[Source "P.Boonen"]
[SourceDate "2012.01.01"]

1. c4 Nf6 2. g3 e6 3. Bg2 d5 4. Nf3 Be7 5. O-O O-O 6. d4 dxc4 7. Qc2 b5 8. a4
b4 9. Qxc4 Ba6 10. Qc2 Bb7 11. Bg5 Be4 12. Qc1 Nbd7 13. Nbd2 Bd5 14. Bxf6 Nxf6
15. Qc2 c5 16. dxc5 Rc8 17. Nb3 Ne4 18. Rfd1 Nxc5 19. Nxc5 Rxc5 20. Qb1 Qc7 21.
Nd4 Bxg2 22. Kxg2 Qb7+ 23. f3 Rfc8 24. b3 Bf6 25. Ra2 a6 26. Rc2 Rc3 27. Rxc3
bxc3 28. Nc2 a5 29. Kf1 Rb8 30. Na1 g6 31. Qc2 Kg7 32. Rd3 Qb4 33. e4 Qa3 34.
Rd1 Qb2 35. Rc1 Rd8 36. Rb1 Rd2 37. Rxb2 cxb2 38. Qxd2 bxa1=Q+ 39. Kg2 Qb2 40.
Qxb2 Bxb2 0-1

[Event "ENCI Limburg-open A"]
[Site "Maastricht"]
[Date "2011.06.10"]
[Round "1"]
[White "Coenen, Eduard"]
[Black "Dalemans, Diana"]
[Result "0-1"]
[WhiteElo "2093"]
[BlackElo "1947"]
[PlyCount "120"]
[EventDate "2011.06.10"]
[EventType "swiss"]
[EventRounds "7"]
[EventCountry "NED"]
[Source "P.Boonen"]
[SourceDate "2012.01.01"]

1. d4 Nf6 2. g3 g6 3. Bg2 d5 4. Nf3 Bg7 5. O-O O-O 6. c3 Nbd7 7. Qb3 c5 8. Bf4
c4 9. Qc2 Nh5 10. Bd2 Rb8 11. b3 b5 12. a4 a6 13. b4 Nb6 14. axb5 Bf5 15. Qc1
Bxb1 16. Qxb1 axb5 17. Ra5 Na4 18. e4 Nf6 19. exd5 Nxd5 20. Qc2 e6 21. Ra1 Qb6
22. Ne5 Bxe5 23. dxe5 Ra8 24. Bxd5 exd5 25. Be3 Qc6 26. Rxa8 Rxa8 27. Bd4 Ra6
28. Qd2 Qe6 29. Qg5 Ra8 30. h4 Re8 31. Kg2 h5 32. Ra2 Qg4 33. Qh6 Re6 34. f3
Qf5 35. Re2 Qd3 36. Rd2 Qf5 37. Rf2 Qd3 38. Rd2 Qf5 39. Qe3 Re8 40. Qe1 Qe6 41.
f4 f5 42. Qe3 Qc6 43. Kf2 Kf7 44. Bc5 Ke6 45. Bd6 Ra8 46. Qd4 Qb7 47. Ke2 Qc6
48. Kf3 Qb7 49. Kf2 Qc6 50. Kg1 Qb7 51. Kh2 Qc6 52. g4 hxg4 53. Kg3 Qb7 54. Rh2
Rh8 55. Qe3 Qh7 56. Kf2 Qf7 57. Kg1 Qb7 58. Bc5 Qd7 59. Bd4 Qf7 60. Qf2 Qe7 {
.....} 0-1

[Event "ENCI Limburg-open A"]
[Site "Maastricht"]
[Date "2011.06.10"]
[Round "1"]
[White "Dambacher, Martijn"]
[Black "Haast, Mark"]
[Result "1/2-1/2"]
[WhiteElo "2500"]
[BlackElo "2249"]
[PlyCount "87"]
[EventDate "2011.06.10"]
[EventType "swiss"]
[EventRounds "7"]
[EventCountry "NED"]
[Source "P.Boonen"]
[SourceDate "2012.01.01"]

1. d4 Nf6 2. c4 e6 3. Nf3 Bb4+ 4. Nbd2 b6 5. a3 Bxd2+ 6. Qxd2 O-O 7. e3 d6 8.
b4 Nbd7 9. Bb2 c5 10. Be2 Ba6 11. O-O Rc8 12. dxc5 dxc5 13. Rfd1 Qc7 14. b5 Bb7
15. Qc3 Rcd8 16. Nd2 e5 17. f3 Rfe8 18. Nf1 Nf8 19. Rxd8 Qxd8 20. Ng3 Ng6 21.
Bd3 Qc7 22. Bc2 Bc8 23. Rd1 Be6 24. Rc1 Rd8 25. a4 Rd7 26. Rd1 Rxd1+ 27. Bxd1
Ne8 28. Be2 f6 29. Ne4 Nd6 30. Nd2 Ne7 31. Nb3 Nb7 32. Kf2 Nf5 33. Bd3 Nfd6 34.
Qc2 g6 35. Nd2 Qf7 36. f4 Na5 37. Qc3 Bxc4 38. Bc2 Bd5 39. Bd3 Nac4 40. Bxc4
Nxc4 41. Nxc4 Bxc4 42. fxe5 fxe5+ 43. Kg3 Qd5 44. Qxe5 1/2-1/2

[Event "ENCI Limburg-open A"]
[Site "Maastricht"]
[Date "2011.06.10"]
[Round "1"]
[White "Dorr, Yannick"]
[Black "Scholzen, Wolfgang"]
[Result "0-1"]
[WhiteElo "1917"]
[BlackElo "2082"]
[PlyCount "78"]
[EventDate "2011.06.10"]
[EventType "swiss"]
[EventRounds "7"]
[EventCountry "NED"]
[Source "P.Boonen"]
[SourceDate "2012.01.01"]

1. e4 e5 2. Nf3 Nc6 3. Bc4 Bc5 4. c3 Nf6 5. d4 exd4 6. cxd4 Bb4+ 7. Nc3 d5 8.
exd5 Nxd5 9. O-O Bxc3 10. bxc3 O-O 11. Ba3 Re8 12. Rc1 Bg4 13. Bb5 Qf6 14. Bxc6
bxc6 15. h3 Bxf3 16. Qxf3 Qxf3 17. gxf3 Re2 18. Ra1 Nxc3 19. Rfc1 Nb5 20. Bc5
Rd2 21. a4 Nxd4 22. Bxd4 Rxd4 23. Rxc6 Rd7 24. Rac1 Rc8 25. R1c5 Kf8 26. Ra5
Ra8 27. Rca6 Ke7 28. Kf1 Rc8 29. Rxa7 c6 30. Rxd7+ Kxd7 31. Ra7+ Rc7 32. Rxc7+
Kxc7 33. Ke2 Kb6 34. f4 Kc5 35. Kd3 Kb4 36. f5 c5 37. a5 Kxa5 38. Kc4 Kb6 39.
Kd5 Kb5 0-1

[Event "ENCI Limburg-open A"]
[Site "Maastricht"]
[Date "2011.06.10"]
[Round "1"]
[White "Ducarmon, Quinten"]
[Black "Olthof, Rene"]
[Result "1-0"]
[WhiteElo "2347"]
[BlackElo "2202"]
[PlyCount "55"]
[EventDate "2011.06.10"]
[EventType "swiss"]
[EventRounds "7"]
[EventCountry "NED"]
[Source "P.Boonen"]
[SourceDate "2012.01.01"]

1. e4 c5 2. Nf3 d6 3. d4 Nf6 4. Nc3 cxd4 5. Nxd4 g6 6. Be3 Bg7 7. f3 Nc6 8. Qd2
O-O 9. g4 Be6 10. Nxe6 fxe6 11. O-O-O Ne5 12. Be2 Rc8 13. Nb5 a6 14. Nd4 Qd7
15. h4 Nc4 16. Bxc4 Rxc4 17. Kb1 Rfc8 18. c3 b5 19. h5 b4 20. cxb4 a5 21. bxa5
Qa4 22. Rc1 Nd7 23. Nb3 Ne5 24. hxg6 Nc6 25. gxh7+ Kh8 26. Bh6 Bf6 27. Qf4 Nb4
28. Qxf6+ 1-0

[Event "ENCI Limburg-open A"]
[Site "Maastricht"]
[Date "2011.06.10"]
[Round "1"]
[White "Ducarmon, Renzo"]
[Black "Goes, Sten"]
[Result "0-1"]
[WhiteElo "1960"]
[BlackElo "2099"]
[PlyCount "58"]
[EventDate "2011.06.10"]
[EventType "swiss"]
[EventRounds "7"]
[EventCountry "NED"]
[Source "P.Boonen"]
[SourceDate "2012.01.01"]

1. e4 c5 2. Nf3 d6 3. d4 cxd4 4. Nxd4 Nf6 5. Nc3 a6 6. Bc4 e6 7. O-O Be7 8. Bb3
O-O 9. f4 b5 10. f5 b4 11. Nce2 e5 12. Nf3 Qb6+ 13. Kh1 Nxe4 14. Bd5 Bb7 15.
Be3 Qxe3 16. Bxb7 Ra7 17. Bxe4 Qxe4 18. Ng3 Qg4 19. Qd2 Nd7 20. Rae1 Nf6 21.
Re3 Rc7 22. b3 Rfc8 23. Rf2 a5 24. Qe2 Bf8 25. Ne4 Nd5 26. h3 Qxf5 27. Nxe5
Qxe5 28. Nf6+ Qxf6 29. Rxf6 Nxf6 0-1

[Event "ENCI Limburg-open A"]
[Site "Maastricht"]
[Date "2011.06.10"]
[Round "1"]
[White "Ernst, Sipke"]
[Black "Voicu, Carmen"]
[Result "1-0"]
[WhiteElo "2596"]
[BlackElo "2303"]
[PlyCount "55"]
[EventDate "2011.06.10"]
[EventType "swiss"]
[EventRounds "7"]
[EventCountry "NED"]
[Source "P.Boonen"]
[SourceDate "2012.01.01"]

1. d4 Nf6 2. c4 c5 3. d5 e6 4. Nc3 exd5 5. cxd5 d6 6. e4 g6 7. f4 Bg7 8. Bb5+
Nfd7 9. Nf3 a6 10. Bd3 b5 11. O-O O-O 12. Qe1 Re8 13. a3 c4 14. Bc2 Nc5 15. f5
Nbd7 16. Bg5 Qb6 17. Kh1 Nf6 18. Qh4 Ncd7 19. Rae1 a5 20. Nd1 Ba6 21. Ne3 b4
22. Bxf6 Nxf6 23. Ng5 Ra7 24. fxg6 hxg6 25. Rxf6 Bxf6 26. Ng4 Qd8 27. Qh7+ Kf8
28. Nh6 1-0

[Event "ENCI Limburg-open A"]
[Site "Maastricht"]
[Date "2011.06.10"]
[Round "1"]
[White "Esser, Norbert"]
[Black "Beijerinck, Nick"]
[Result "1-0"]
[WhiteElo "2185"]
[BlackElo "2060"]
[PlyCount "79"]
[EventDate "2011.06.10"]
[EventType "swiss"]
[EventRounds "7"]
[EventCountry "NED"]
[Source "P.Boonen"]
[SourceDate "2012.01.01"]

1. e4 c5 2. Nf3 e6 3. Nc3 Nc6 4. g3 a6 5. Bg2 Qc7 6. O-O d6 7. d4 cxd4 8. Nxd4
Bd7 9. a4 Be7 10. Nde2 Nf6 11. h3 O-O 12. Be3 Ne5 13. b3 Nc6 14. g4 Rfd8 15. g5
Ne8 16. f4 Rac8 17. f5 Qa5 18. Qe1 Nb4 19. fxe6 Bxe6 20. Nd5 Bxd5 21. exd5 Rd7
22. c4 Bd8 23. Kh1 Bb6 24. Bd2 Bc5 25. Nc1 Qb6 26. a5 Qd8 27. Bxb4 Re7 28. Qd2
Be3 29. Qd1 Bxg5 30. Ra2 Rcc7 31. Re1 Rxe1+ 32. Bxe1 Qf6 33. Re2 Kf8 34. Nd3
Qf5 35. Bg3 Rd7 36. Qf1 Qg6 37. Nf4 Qf6 38. Qe1 Nc7 39. Ne6+ fxe6 40. dxe6 1-0

[Event "ENCI Limburg-open A"]
[Site "Maastricht"]
[Date "2011.06.10"]
[Round "1"]
[White "Eulering, Georg"]
[Black "Hoornstra, Hans"]
[Result "1/2-1/2"]
[WhiteElo "2104"]
[BlackElo "1967"]
[PlyCount "76"]
[EventDate "2011.06.10"]
[EventType "swiss"]
[EventRounds "7"]
[EventCountry "NED"]
[Source "P.Boonen"]
[SourceDate "2012.01.01"]

1. e4 c5 2. c3 d5 3. exd5 Qxd5 4. d4 g6 5. dxc5 Qxd1+ 6. Kxd1 Bg7 7. Nf3 Bg4 8.
Be3 Nf6 9. Nbd2 Nd5 10. h3 Nxe3+ 11. fxe3 Bd7 12. Bc4 Ba4+ 13. Bb3 Bc6 14. Rf1
O-O 15. Ng5 Be8 16. Bd5 Nc6 17. Kc2 Rd8 18. Bf3 h6 19. Nge4 Ne5 20. Nf2 Bb5 21.
Rfe1 Rd7 22. Rad1 Bd3+ 23. Nxd3 Nxd3 24. Rf1 Nxc5 25. Nb3 Rc7 26. Nxc5 Rxc5 27.
Bxb7 Rb8 28. Bd5 e6 29. Bb3 Rb7 30. Rd8+ Kh7 31. Rfd1 Bf6 32. R8d7 Rcc7 33.
Bxe6 Rxd7 34. Bxd7 Kg7 35. b4 Rc7 36. Kb3 Rxc3+ 37. Ka4 Rxe3 38. Bc6 Bb2
1/2-1/2

[Event "ENCI Limburg-open A"]
[Site "Maastricht"]
[Date "2011.06.10"]
[Round "1"]
[White "Fuhs, Juergen"]
[Black "Brookes, Christopher"]
[Result "0-1"]
[WhiteElo "2133"]
[BlackElo "2052"]
[PlyCount "130"]
[EventDate "2011.06.10"]
[EventType "swiss"]
[EventRounds "7"]
[EventCountry "NED"]
[Source "P.Boonen"]
[SourceDate "2012.01.01"]

1. e4 c5 2. Nf3 d6 3. d4 cxd4 4. Nxd4 Nf6 5. Nc3 Nc6 6. Bg5 Bd7 7. Be2 Rc8 8.
O-O Qa5 9. Be3 g6 10. h3 Bg7 11. Qd2 O-O 12. Nb3 Qc7 13. f4 Na5 14. Nxa5 Qxa5
15. Bf3 Rfd8 16. Rf2 b5 17. Nd1 Qa4 18. Nc3 Qa6 19. Qd3 Qa5 20. Ne2 d5 21. Nd4
dxe4 22. Bxe4 Be6 23. Bf3 Bc4 24. Qd1 b4 25. a3 Nd5 26. Bxd5 Qxd5 27. c3 bxc3
28. bxc3 Qe4 29. Qd2 f6 30. f5 gxf5 31. Rf4 Qb7 32. Rxf5 e5 33. Qf2 exd4 34.
Bxd4 Qf7 35. Bxa7 Re8 36. Bd4 Re2 37. Qg3 Qg6 38. Qxg6 hxg6 39. Rf2 Rce8 40.
Rb1 Re1+ 41. Rxe1 Rxe1+ 42. Kh2 Re2 43. Kg3 Kf7 44. Rxe2 Bxe2 45. Kf2 Bc4 46.
h4 Bb5 47. Bc5 f5 48. Bb4 Bf6 49. g3 Ke6 50. Ke3 Be5 51. Kf2 Kd5 52. Kf3 Bc6
53. Kf2 Ke4 54. Ba5 Bf6 55. Bb4 f4 56. gxf4 Bxh4+ 57. Kg1 Kxf4 58. c4 Kf3 59.
Bc5 g5 60. Bb6 g4 61. Bc5 Be1 62. Kf1 Bd2 63. Bd6 Bc1 64. Kg1 g3 65. Bxg3 Kxg3
0-1

[Event "ENCI Limburg-open A"]
[Site "Maastricht"]
[Date "2011.06.10"]
[Round "1"]
[White "Goudriaan, Etienne"]
[Black "Berg, Emanuel"]
[Result "1/2-1/2"]
[WhiteElo "2307"]
[BlackElo "2608"]
[PlyCount "68"]
[EventDate "2011.06.10"]
[EventType "swiss"]
[EventRounds "7"]
[EventCountry "NED"]
[Source "P.Boonen"]
[SourceDate "2012.01.01"]

1. d4 Nf6 2. c4 g6 3. Nc3 Bg7 4. e4 d6 5. Nf3 O-O 6. Be2 e5 7. O-O Nc6 8. d5
Ne7 9. Ne1 Nd7 10. Nd3 f5 11. Bd2 Kh8 12. Rc1 c5 13. f4 exf4 14. Bxf4 Bxc3 15.
Rxc3 fxe4 16. Ne1 Nf5 17. g4 g5 18. Bd2 Nd4 19. Rxf8+ Qxf8 20. Re3 Qf4 21. Nd3
Nxe2+ 22. Qxe2 exd3 23. Re8+ Nf8 24. Qe7 Qxg4+ 25. Kh1 Qf3+ 26. Kg1 Qg4+ 27.
Kh1 Qf3+ 28. Kg1 Qd1+ 29. Be1 Qg4+ 30. Bg3 Qd1+ 31. Kf2 Qc2+ 32. Kg1 Qd1+ 33.
Kf2 Qd2+ 34. Kg1 Qd1+ 1/2-1/2

[Event "ENCI Limburg-open A"]
[Site "Maastricht"]
[Date "2011.06.10"]
[Round "1"]
[White "Harff, Marcel"]
[Black "Turova, Irina"]
[Result "1/2-1/2"]
[WhiteElo "2217"]
[BlackElo "2442"]
[PlyCount "43"]
[EventDate "2011.06.10"]
[EventType "swiss"]
[EventRounds "7"]
[EventCountry "NED"]
[Source "P.Boonen"]
[SourceDate "2012.01.01"]

1. c4 e5 2. g3 Nf6 3. Bg2 h6 4. Nc3 Bb4 5. Qb3 Bxc3 6. Qxc3 Qe7 7. Nf3 Nc6 8.
O-O O-O 9. d4 e4 10. Ne1 d5 11. b3 Bg4 12. f3 exf3 13. exf3 Bf5 14. c5 a5 15.
a3 Qd7 16. Nd3 Rfe8 17. Bf4 b5 18. Ne5 Nxe5 19. Bxe5 Qc6 20. g4 Bg6 21. Rfe1
Nd7 22. Bg3 1/2-1/2

[Event "ENCI Limburg-open A"]
[Site "Maastricht"]
[Date "2011.06.10"]
[Round "1"]
[White "Heinichen, Nils"]
[Black "Noiroux, Kevin"]
[Result "0-1"]
[WhiteElo "2058"]
[BlackElo "2185"]
[PlyCount "96"]
[EventDate "2011.06.10"]
[EventType "swiss"]
[EventRounds "7"]
[EventCountry "NED"]
[Source "P.Boonen"]
[SourceDate "2012.01.01"]

1. d4 Nf6 2. Nf3 e6 3. c4 Bb4+ 4. Bd2 Qe7 5. g3 Nc6 6. Bg2 Bxd2+ 7. Qxd2 Ne4 8.
Qc2 Qb4+ 9. Nc3 f5 10. d5 Na5 11. dxe6 dxe6 12. Ne5 Nxf2 13. a3 Qc5 14. Qa4+ c6
15. Rf1 Qxe5 16. Rxf2 O-O 17. Rd1 Qc5 18. b3 Qb6 19. Rb1 e5 20. Qb4 Re8 21. Na4
Qc7 22. e3 e4 23. Rd2 b6 24. c5 Be6 25. cxb6 axb6 26. Nxb6 Ra6 27. Na4 Rb8 28.
Qd6 Qxd6 29. Rxd6 Rxb3 30. Rxb3 Bxb3 31. Bf1 Bc4 32. Nc5 Rb6 33. Bxc4+ Nxc4 34.
Na4 Rb1+ 35. Rd1 Nxa3 36. Rxb1 Nxb1 37. Nc5 Nc3 38. Kd2 Nd5 39. g4 fxg4 40.
Nxe4 h5 41. Kd3 Kf7 42. Ng3 g6 43. e4 Nf4+ 44. Kd4 Ke6 45. e5 c5+ 46. Ke4 Nh3
47. Ne2 Ng5+ 48. Kf4 Nf3 0-1

[Event "ENCI Limburg-open A"]
[Site "Maastricht"]
[Date "2011.06.10"]
[Round "1"]
[White "Henrichs, Thomas"]
[Black "Timmermans, Ivo"]
[Result "1/2-1/2"]
[WhiteElo "2469"]
[BlackElo "2219"]
[PlyCount "36"]
[EventDate "2011.06.10"]
[EventType "swiss"]
[EventRounds "7"]
[EventCountry "NED"]
[Source "P.Boonen"]
[SourceDate "2012.01.01"]

1. e4 e5 2. Nf3 Nc6 3. Bb5 a6 4. Ba4 Nf6 5. O-O Nxe4 6. d4 b5 7. Bb3 d5 8. dxe5
Be6 9. Nbd2 Nc5 10. c3 d4 11. Bxe6 Nxe6 12. cxd4 Ncxd4 13. Nxd4 Qxd4 14. Qf3
Rd8 15. a4 Qd5 16. axb5 axb5 17. Qxd5 Rxd5 18. Ra8+ Nd8 1/2-1/2

[Event "ENCI Limburg-open A"]
[Site "Maastricht"]
[Date "2011.06.10"]
[Round "1"]
[White "Hetey, Laszlo"]
[Black "Thingstad, Even"]
[Result "1/2-1/2"]
[WhiteElo "2337"]
[BlackElo "2199"]
[PlyCount "85"]
[EventDate "2011.06.10"]
[EventType "swiss"]
[EventRounds "7"]
[EventCountry "NED"]
[Source "P.Boonen"]
[SourceDate "2012.01.01"]

1. d4 Nf6 2. c4 e6 3. Nf3 b6 4. g3 Ba6 5. b3 b5 6. cxb5 Bxb5 7. Nc3 Ba6 8. Bg2
d5 9. O-O Nbd7 10. Re1 Be7 11. a3 c5 12. e4 dxe4 13. Nxe4 Nxe4 14. Rxe4 O-O 15.
Re1 Bf6 16. Be3 Rc8 17. Rc1 cxd4 18. Rxc8 Qxc8 19. Nxd4 Ne5 20. Qc2 Ng4 21.
Qxc8 Rxc8 22. Nc6 Nxe3 23. fxe3 Rc7 24. a4 Bb7 25. b4 Bxc6 26. Rc1 Be5 27. Bxc6
Bd6 28. b5 Bb4 29. Rd1 g6 30. Kf2 Ba5 31. Kf3 Kg7 32. Ke4 Kf6 33. Rd3 Ke7 34.
g4 h6 35. h4 Kf6 36. Rd1 Rc8 37. Rd7 Rc7 38. Rd6 Ke7 39. Rd1 Kf6 40. Rf1+ Ke7
41. Rh1 Rc8 42. h5 g5 43. Rd1 1/2-1/2

[Event "ENCI Limburg-open A"]
[Site "Maastricht"]
[Date "2011.06.10"]
[Round "1"]
[White "Iseringhausen, Martin"]
[Black "Vrancken, Gilbert"]
[Result "1-0"]
[WhiteElo "2064"]
[BlackElo "2189"]
[PlyCount "57"]
[EventDate "2011.06.10"]
[EventType "swiss"]
[EventRounds "7"]
[EventCountry "NED"]
[Source "P.Boonen"]
[SourceDate "2012.01.01"]

1. e4 c5 2. Nc3 Nc6 3. g3 g6 4. Bg2 Bg7 5. d3 e5 6. f4 d6 7. Nh3 h5 8. O-O Bg4
9. Qe1 Qd7 10. Nf2 Be6 11. f5 gxf5 12. exf5 Bxf5 13. Nfe4 Nd4 14. Qf2 O-O-O 15.
Nd5 h4 16. c3 hxg3 17. hxg3 Be6 18. cxd4 Bxd5 19. dxc5 dxc5 20. Qxc5+ Bc6 21.
Be3 f5 22. Ng5 f4 23. Bxc6 bxc6 24. Rac1 Ne7 25. Qxa7 Qd5 26. Ne4 Qxd3 27. Bb6
Rh1+ 28. Kxh1 Qxe4+ 29. Kg1 1-0

[Event "ENCI Limburg-open A"]
[Site "Maastricht"]
[Date "2011.06.10"]
[Round "1"]
[White "Kampman, Tijmen"]
[Black "Wislez, Francis"]
[Result "1-0"]
[WhiteElo "2108"]
[BlackElo "2009"]
[PlyCount "101"]
[EventDate "2011.06.10"]
[EventType "swiss"]
[EventRounds "7"]
[EventCountry "NED"]
[Source "P.Boonen"]
[SourceDate "2012.01.01"]

1. e4 e6 2. d4 d5 3. exd5 exd5 4. Nc3 c6 5. Bd3 Nf6 6. Bg5 h6 7. Bh4 Bd6 8.
Qe2+ Qe7 9. Bxf6 Qxe2+ 10. Ngxe2 gxf6 11. O-O-O Be6 12. Ng3 Nd7 13. Rde1 O-O-O
14. Re2 Rde8 15. Rhe1 Kd8 16. f3 h5 17. Nf1 Nb6 18. g3 f5 19. f4 Nc4 20. Nd1
Bc7 21. Nd2 Nd6 22. Nf3 Ne4 23. Nh4 Rh6 24. Ne3 Rf6 25. c3 b5 26. Kc2 a5 27.
Nf3 Rh8 28. Ng2 Bd6 29. Ne5 Kc7 30. Kb1 a4 31. Rc1 Kb7 32. Kc2 Rfh6 33. Kd1 Be7
34. Nf3 Bf6 35. Ke1 Bd8 36. Rec2 Rg8 37. Kf1 Rhg6 38. b3 axb3 39. axb3 Bc7 40.
c4 dxc4 41. bxc4 bxc4 42. Bxc4 Bxc4+ 43. Rxc4 Rd8 44. Rb4+ Kc8 45. Ne5 Bxe5 46.
fxe5 Kc7 47. Nf4 Rg4 48. Ra1 h4 49. Ra7+ Kc8 50. Rxf7 hxg3 51. Ne6 1-0

[Event "ENCI Limburg-open A"]
[Site "Maastricht"]
[Date "2011.06.10"]
[Round "1"]
[White "Klein, Felix"]
[Black "Bok, Benjamin"]
[Result "0-1"]
[WhiteElo "2243"]
[BlackElo "2497"]
[PlyCount "60"]
[EventDate "2011.06.10"]
[EventType "swiss"]
[EventRounds "7"]
[EventCountry "NED"]
[Source "P.Boonen"]
[SourceDate "2012.01.01"]

1. e4 e5 2. Nf3 Nc6 3. Bb5 a6 4. Ba4 Nge7 5. O-O g6 6. c3 Bg7 7. d4 exd4 8.
cxd4 b5 9. Bb3 O-O 10. Nc3 Na5 11. Bc2 d6 12. h3 Bb7 13. Bg5 h6 14. Bh4 Qd7 15.
Rc1 g5 16. Bg3 Nc4 17. b3 Na3 18. Bd3 b4 19. Nb1 Nb5 20. e5 Nf5 21. Bxf5 Qxf5
22. Nbd2 Rad8 23. Qc2 Qxc2 24. Rxc2 f5 25. Re1 Rfe8 26. Bh2 f4 27. g3 dxe5 28.
dxe5 Rd3 29. Kg2 Nd4 30. Rxc7 Nxf3 0-1

[Event "ENCI Limburg-open A"]
[Site "Maastricht"]
[Date "2011.06.10"]
[Round "1"]
[White "Lenhardt, Manfred"]
[Black "De Cauter, Wolfgang"]
[Result "1-0"]
[WhiteElo "2111"]
[BlackElo "2014"]
[PlyCount "43"]
[EventDate "2011.06.10"]
[EventType "swiss"]
[EventRounds "7"]
[EventCountry "NED"]
[Source "P.Boonen"]
[SourceDate "2012.01.01"]

1. d4 Nf6 2. Nc3 e6 3. e4 Bb4 4. Bd3 c5 5. a3 Bxc3+ 6. bxc3 Qc7 7. e5 Nd5 8.
Qg4 Ne7 9. Qxg7 Rg8 10. Qxh7 cxd4 11. Ne2 Qxe5 12. cxd4 Qf6 13. O-O Nbc6 14.
Be3 b6 15. Ng3 Nxd4 16. Rad1 e5 17. Bxd4 exd4 18. Rfe1 Kf8 19. Rxe7 Qxe7 20.
Qh6+ Ke8 21. Nf5 Qf8 22. Qf6 1-0

[Event "ENCI Limburg-open A"]
[Site "Maastricht"]
[Date "2011.06.10"]
[Round "1"]
[White "Memeti, Kastriot"]
[Black "Braun, Christian1"]
[Result "0-1"]
[WhiteElo "2209"]
[BlackElo "2388"]
[PlyCount "60"]
[EventDate "2011.06.10"]
[EventType "swiss"]
[EventRounds "7"]
[EventCountry "NED"]
[Source "P.Boonen"]
[SourceDate "2012.01.01"]

1. d4 g6 2. e4 Bg7 3. Nc3 d6 4. Be3 c6 5. a4 Nf6 6. h3 O-O 7. g4 Qa5 8. Bg2
Nbd7 9. Nge2 Nb6 10. O-O Nc4 11. Bc1 c5 12. d5 Nd7 13. Qd3 b5 14. Ra2 b4 15.
Nd1 Ba6 16. Qg3 Nxb2 17. Bxb2 Bxe2 18. Bxg7 Kxg7 19. Ne3 Bxf1 20. Bxf1 Rab8 21.
Nc4 Qc7 22. f4 Nb6 23. Ne3 a5 24. g5 c4 25. f5 b3 26. cxb3 cxb3 27. f6+ Kh8 28.
Rf2 exf6 29. gxf6 Nd7 30. Qg5 b2 0-1

[Event "ENCI Limburg-open A"]
[Site "Maastricht"]
[Date "2011.06.10"]
[Round "1"]
[White "Nabuurs, Joep"]
[Black "Miedema, David"]
[Result "0-1"]
[WhiteElo "2212"]
[BlackElo "2409"]
[PlyCount "84"]
[EventDate "2011.06.10"]
[EventType "swiss"]
[EventRounds "7"]
[EventCountry "NED"]
[Source "P.Boonen"]
[SourceDate "2012.01.01"]

1. e4 c6 2. d4 d5 3. exd5 cxd5 4. c4 Nf6 5. Nc3 Nc6 6. Nf3 Bg4 7. cxd5 Nxd5 8.
Qb3 Bxf3 9. gxf3 e6 10. Qxb7 Nxd4 11. Bb5+ Nxb5 12. Qc6+ Ke7 13. Qxb5 Qd7 14.
Nxd5+ Qxd5 15. Qxd5 exd5 16. Bg5+ Ke6 17. O-O-O Bb4 18. a3 Rhc8+ 19. Kb1 Ba5
20. Rd3 h6 21. Bf4 Rc4 22. Re3+ Kf5 23. Bg3 f6 24. Rd1 d4 25. Re7 g5 26. Rc1
Rxc1+ 27. Kxc1 Rc8+ 28. Kd1 Bb6 29. Kd2 h5 30. Re4 h4 31. Bd6 d3 32. b3 Rc2+
33. Kxd3 Rxf2 34. Re2 Rxf3+ 35. Kc4 g4 36. a4 g3 37. hxg3 hxg3 38. b4 Rf2 39.
a5 Rxe2 40. axb6 axb6 41. Bxg3 Re5 42. b5 Ke4 0-1